Statistics for The Great Irreversible Binomial Idiom Quiz

Click here to take the quiz!

General Stats

  • This quiz has been taken 19 times
    (17 since last reset)
  • The average score is 38 of 60

Answer Stats

HintAnswer% Correct
King and CountryCorrect
100%
Chain and BallBackwards
85%
Break or MakeBackwards
85%
Downs and UpsBackwards
85%
Sour and SweetBackwards
85%
Friend or FoeCorrect
85%
Body and SoulCorrect
85%
(Whole) Caboodle and KitBackwards
77%
Proper and PrimBackwards
77%
Tumble and RoughBackwards
77%
Nilly WillyBackwards
77%
Nice or NaughtyBackwards
77%
Pokey HokeyBackwards
77%
Bothered and HotBackwards
77%
Hot and ColdCorrect
77%
(Through) Thick and ThinCorrect
77%
Hot and HeavyCorrect
77%
First and ForemostCorrect
77%
Head over HeelsCorrect
77%
Stand and DeliverCorrect
77%
Handling and ShippingBackwards
69%
Treat or TrickBackwards
69%
Mild and MeekBackwards
69%
Roll and RockBackwards
69%
Shock and AweCorrect
69%
Tit for TatCorrect
69%
Down and DirtyCorrect
69%
This and ThatCorrect
69%
Beads and LineFake
69%
Scythes to PlowsharesFake
69%
Back or TackFake
69%
Foolish and FeverishFake
69%
Home and HearthBackwards
62%
Rave and RantBackwards
62%
Far and AwayCorrect
62%
Shucks to YucksFake
62%
Hope and HavocFake
62%
Figs and FairiesFake
62%
Crumpets and TeaBackwards
54%
Meat and PotatoesCorrect
54%
Birds and the BeesCorrect
54%
Tried and TrueCorrect
54%
A Hop and a SkipCorrect
54%
Sandals to BootsFake
54%
Rivet and SpokeFake
54%
Bits for BouldersFake
54%
Spit and SpittleFake
54%
Holler and HootBackwards
46%
Briefs or BoxersBackwards
46%
(From) Missing to KissingFake
46%
Pestle and MortarBackwards
38%
Juking and JivingCorrect
38%
Wet and WildCorrect
38%
Bubble and SqueakCorrect
38%
Dance in the StandsFake
38%
Boots to BonnetsFake
38%
Tap and SpigotFake
31%
Dollars to DonutsCorrect
23%
Shake and HustleFake
23%
Wrangle and TieFake
23%

Score Distribution

Percentile by Number Answered

Percent of People with Each Score

Your Score History

You have not taken this quiz since the last reset